Pays du Monde avec un O en deuxième lettre - Statistiques

Statistiques générales
  • Ce quiz a été pris 668 fois
  • Le résultat moyen est 28 sur 33
Statistiques - réponses
Réponse % Correct
Bolivie
94%
Colombie
93%
Congo
93%
Congo RDC
93%
Somalie
91%
Togo
91%
Corée du Nord
90%
Corée du Sud
90%
Roumanie
90%
Soudan
90%
Pologne
89%
Comores
88%
Mongolie
88%
Portugal
88%
Costa Rica
86%
Soudan du Sud
86%
Norvège
85%
Hongrie
84%
Honduras
83%
Jordanie
83%
Kosovo
83%
Moldavie
83%
Monaco
83%
Botswana
82%
Bosnie-Herzégovine
81%
Monténégro
80%
Côte d'Ivoire
79%
Koweït
79%
Mozambique
78%
Tonga
77%
Nouvelle-Zélande
75%
Dominique
73%
Royaume-Uni
63%
Aucun quiz correspondant
Distribution des résultats
% des personnes avec chaque résultat
Percentile par nombre de réponses
Votre historique - résultats
Vous n’avez pas pris ce quiz